Seis países mais próximos - Alemanha - Statistics

Estatísticas Gerais
  • Esse quiz foi jogado 99 vezes
  • A pontuação média é 4 de 6
Estatísticas das Respostas
km país % Correto
0 Países Baixos
78%
0 Bélgica
77%
0 Polônia
73%
0 Suíça
68%
0 Luxemburgo
55%
0 Chéquia
45%
Nenhum quiz correspondente encontrado
Distribuição das Pontuações
Porcentagem de Pessoas com Cada Pontuação
Percentil de Números Respondidos
Sua Pontuação Histórica
Você não jogou esse quiz